Planeamiento constructivo de la obra civil de casa de máquinas : Proyecto Hidroeléctrico Cariblanco Instituto Costarricense de Electricidad
Guardado en:
| Hovedforfatter: | |
|---|---|
| Format: | Bog |
| Udgivet: |
San José, Costa Rica
2004
|
| Fag: | |
| Tags: |
Tilføj Tag
Ingen Tags, Vær først til at tagge denne postø!
|
MARC
| LEADER | 00000nam a2200000Ia 4500 | ||
|---|---|---|---|
| 003 | 010309 | ||
| 005 | 20221231144103.0 | ||
| 008 | 140114s2004 cr a 000 ||s d | ||
| 040 | |c cru CEDI | ||
| 090 | |a TFG 5569 | ||
| 100 | |a García Morales, Francisco Alberto |9 10686 | ||
| 245 | |a Planeamiento constructivo de la obra civil de casa de máquinas : Proyecto Hidroeléctrico Cariblanco Instituto Costarricense de Electricidad | ||
| 260 | |c 2004 |b San José, Costa Rica | ||
| 300 | |a 148, [6] hojas (algunas plegables) : ilustraciones a color; mapa color, planos. | ||
| 500 | |a Proyecto de graduación (maestría en administración de la construcción)--Universidad de Costa Rica, Escuela de Ingeniería Civil, Postgrado en Ingeniería Civil, Maestría en Administración de la Construcción | ||
| 650 | |x ASPECTOS AMBIENTALES |x PLANIFICACION |x CONSTRUCCION |x INSTITUTO COSTARRICENSE DE ELECTRICIDAD.. PROYECTO HIDROELECTRICO CARIBLANCO |9 16351 | ||
| 942 | |c TFG | ||
| 999 | |c 16692 |d 16692 | ||
